000 01706nam a2200493 i 4500
001 46334
003 KOSZ 005
005 20230118142924.0
008 050714s2005 pl dabo f |000 0 pol
015 _aUWD 2005/17978
020 _a8372423539
035 _a991028376099705066
035 _a(PL-WaBN)b17680888-48omnis_nlop
035 _ab17680888
035 _a(OCoLC)69449918
035 _a(PL)b0000001768088
035 _a(EXLNZ-48OMNIS_NETWORK)9910001099805606
040 _aWA N
_cWA N
_dKOSZ 005/HR
046 _k2005
080 _a528.3/.4
080 _a624.01/.07
080 _a(075.8)
100 1 _aWolski, Bogdan
_d(1942- )
_eAutor
245 1 0 _aGeodezja inżynieryjno-budowlana :
_bpodręcznik dla studentów wyższych szkół technicznych /
_cBogdan Wolski, Cezary Toś ; Politechnika Krakowska im. Tadeusza Kościuszki.
260 _aKraków :
_bWydawnictwo PK,
_c2005.
300 _a156 s. :
_bfot., mapy, rys., wykr. ;
_c24 cm.
336 _aTekst
_btxt
_2rdacontent
337 _aBez urządzenia pośredniczącego
_bn
_2rdamedia
338 _aWolumin
_bnc
_2rdacarrier
380 _aKsiążki
388 _a2001-
504 _aBibliogr. s. 156.
650 7 _aBudownictwo
_2DBN
650 7 _aGeodezja
655 7 _aPodręczniki akademickie
_2DBN
658 _aArchitektura i budownictwo
658 _aGeografia i nauki o Ziemi
658 _aInżynieria i technika
700 1 _aToś, Cezary
_eAutor
710 2 _aWydawnictwo Politechniki Krakowskiej
_4pbl
856 _uhttp://koha.tu.koszalin.pl/cgi-bin/koha/opac-detail.pl?biblionumber=46334
_yKatalog online BPK
942 _2UKD
_cKS
999 _c46334
_d46334